Kapesní atlas obchodníka: Bolívie
Ekonomicko-geografická charakteristika Bolívie. Ekonomické ukazovatele - HDP na obyvateľa (1995) 955 USD, medziročná miera inflácie (november 1996) 13 perc. Zahraničný obchod Bolívie. Praktické rady pre vývozcov. Zvláštne upozornenia a dôležité adresy.
Saved in:
| Main Author: | |
|---|---|
| Other Authors: | |
| Format: | Book Chapter |
| Language: | Czech |
| Subjects: | |
| Tags: |
No Tags, Be the first to tag this record!
|
MARC
| LEADER | 00000naa a2200000 4500 | ||
|---|---|---|---|
| 001 | r028117 | ||
| 005 | 20230908093435.0 | ||
| 041 | 0 | |a cze | |
| 044 | |a CZ | ||
| 245 | 1 | 0 | |a Kapesní atlas obchodníka: Bolívie |c A. Lérová, P. Konvičková |
| 520 | |a Ekonomicko-geografická charakteristika Bolívie. Ekonomické ukazovatele - HDP na obyvateľa (1995) 955 USD, medziročná miera inflácie (november 1996) 13 perc. Zahraničný obchod Bolívie. Praktické rady pre vývozcov. Zvláštne upozornenia a dôležité adresy. | ||
| 610 | 2 | 0 | |a Bolívia |
| 610 | 2 | 0 | |a ukazovatele ekonomické |
| 610 | 2 | 0 | |a obchod zahraničný |
| 610 | 2 | 0 | |a informácie obchodno-ekonomické |
| 100 | 1 | |a Lérová, A. | |
| 700 | 1 | |a Konvičková, P. | |